Представление документа в формате RUSMARC

ПолеНазваниеЗначение
  Тип записи a
  Библиографический уровень c
001 Контрольный номер ecd05acf23f14c239d1be75a7b3bfc55
005 Дата корректировки 20201206205212.4
010 Индекс ISBN __
a ISBN 978-5-17-111975-1 (в пер.)
d Цена 489-50, 1500 экз.
100 Данные общей обработки __
a Данные общей обработки 19190925d2018 |||y0rusy0189 ca
101 Язык документа 0_
a Язык текста rus
102 Страна публикации __
a Страна публикации RU
102 Страна публикации __
a Страна публикации RU
105 Кодированные данные (монография) __
a Кодированные данные (монография) #|||||||000zy
200 Заглавие и сведения об ответственности 1_
a Заглавие Парижская любовь Кости Гумакова
e Сведения, относящиеся к заглавию сборник
f Первые сведения об ответственности Юрий Поляков
b Общее обозначение материала Текст
210 Выходные данные __
a Место издания Москва
c Издательство АСТ
c Издательство Жанровая литература
d Дата издания 2018
215 Физическое описание __
a Объем 541, [1] с.
d Формат 21 см
225 Серия __
a Серия Собрание сочинений Юрия Полякова
v Обозначение тома т. 2
225 Серия __
a Серия Любовь в эпоху перемен
327 Примечание о содержании __
a Примечание о содержании Апофегей
327 Примечание о содержании __
a Примечание о содержании Что такое "Апофегей"
327 Примечание о содержании __
a Примечание о содержании Как я писал "Парижскую любовь"
327 Примечание о содержании __
a Примечание о содержании Пророк
327 Примечание о содержании __
a Примечание о содержании Ветераныч
327 Примечание о содержании __
a Примечание о содержании Демгородок
327 Примечание о содержании __
a Примечание о содержании Как я построил "Демгородок"
330 Аннотация __
a Аннотация "Парижская любовь Кости Гуманкова" - веселая и грустная история о вожделенной поездке в Париж и о том, как этот прекрасный город повлиял на советских туристов, охваченных приобретательским азартом. Во второй том собрания сочинений классика современной прозы Юрия Полякова вошли знаменитые повести и эссе, а также рассказы, впервые переизданные за последние двадцать лет.
333 Примечание о целевом назначении __
a Примечание о целевом назначении 16+. Для детей старше 16 лет
606 Тематические рубрики __
a Основная рубрика Художественная литература
606 Тематические рубрики __
a Основная рубрика Современная русская литература (произведения)
610 Ключевые слова __
a Ключевые слова современные романы
610 Ключевые слова __
a Ключевые слова любовные романы
610 Ключевые слова __
a Ключевые слова ироническая проза
610 Ключевые слова __
a Ключевые слова социальная проза
610 Ключевые слова __
a Ключевые слова становление героя
610 Ключевые слова __
a Ключевые слова романы
610 Ключевые слова __
a Ключевые слова тема иронии
610 Ключевые слова __
a Ключевые слова тема сатиры
610 Ключевые слова __
a Ключевые слова тема юмора
610 Ключевые слова __
a Ключевые слова повести
610 Ключевые слова __
a Ключевые слова эссе
610 Ключевые слова __
a Ключевые слова рассказы
686 Индексы других классификаций __
2 Код системы rubbks
a Классификационный индекс 84(2=411.2)6-4; ст84(2=411.2)6-4
700 Автор _1
a Фамилия Поляков
b Имя Ю. М.
f Даты 1954-
g Полное личное имя Юрий Михайлович
4 Код отношения 070
801 Источник записи _2
a Страна RU
b Организация Муниципальное бюджетное учреждение культуры "Централизованная библиотечная система" г. Сургут (Центральная городская библиотека им. А. С. Пушкина)
c Дата составления 20190925
852 Данные о местонахождении __
j Шифр хранения 84(2=411.2)6-4
i Авторский знак П 54
901 Тип документа __
a Ответственный КиК/Мамарузиева
t Тип документа x
903 Характеристики (МАРС) __
a Дата передачи 20190925
990 Данные о заказе (DOS) __
j Количество экземпляров (DOS) 7
t N записи в КСУ для И/У (DOS) 201910